Stati per consumo di Latte - Statistics

Statistiche generali
  • Questo quiz è stato fatto 20 volte
  • Il punteggio medio è 11 su 15
Statistiche sulle risposte
Kg latte / persona / anno Continente Nazione % Corretto
258,7 Europa Germania
100%
261,34 Europa Norvegia
89%
258,09 Europa Austria
84%
341,47 Europa Paesi Bassi
84%
341,23 Europa Svezia
84%
277,3 Europa Danimarca
79%
430,76 Europa Finlandia
79%
284,85 Europa Estonia
74%
291,86 Europa Irlanda
74%
295,46 Europa Lituania
74%
318,69 Europa Svizzera
74%
255,3 Europa Lussemburgo
58%
303,72 Europa Albania
53%
349,21 Europa Montenegro
37%
288,12 Asia / Europa Kazakistan
32%
Nessun quiz corrispondente trovato
Distribuzione punteggi
Percentuale di utenti per punteggio
Percentile per numero di risposta
I tuoi punteggi nel tempo
Non hai fatto questo quiz